[Event "ROM-ch U16"]
[Site "Calimanesti"]
[Date "2013.04.08"]
[Round "9"]
[White "Ciocanaru, Andrei"]
[Black "Nitor, Marian Dorin"]
[Result "1-0"]
[WhiteElo "1656"]
[BlackElo "1024"]
[PlyCount "71"]
[EventDate "2013.04.02"]
[EventType "swiss"]
[EventRounds "9"]
[EventCountry "ROU"]
[SourceTitle "CBM 153 Extra"]
[Source "ChessBase"]
[SourceDate "2013.04.22"]
[SourceVersion "1"]
[SourceVersionDate "2013.04.22"]
[SourceQuality "1"]

1. e4 e5 2. Nf3 Nc6 3. Be2 Bc5 4. d3 Nf6 5. 0-0 0-0 6. c3 d5 7. Nbd2 d4 8. Qc2 b6 9. b4 Bd6 10. a3 b5 11. c4 bxc4 12. Nxc4 a5 13. bxa5 Nxa5 14. Ncxe5 Bxe5 15. Nxe5 Re8 16. Nf3 Be6 17. Bb2 Nb3 18. Rab1 c5 19. Nd2 Nxd2 20. Qxd2 Rc8 21. Rfc1 Re7 22. a4 Rec7 23. a5 c4 24. dxc4 Bxc4 25. Bxc4 Rxc4 26. Rxc4 Rxc4 27. Qd3 Ra4 28. a6 g6 29. Ra1 Rxa1+ 30. Bxa1 Nd7 31. Qxd4 Kf8 32. Qh8+ Ke7 33. Bf6+ Nxf6 34. Qxd8+ Kxd8 35. a7 Nxe4 36. a8Q+ 1-0

[Event "ROM-ch U16"]
[Site "Calimanesti"]
[Date "2013.04.03"]
[Round "3"]
[White "Nitor, Marian Dorin"]
[Black "Popa, Mihai Ovidiu"]
[Result "1-0"]
[WhiteElo "1024"]
[BlackElo "1607"]
[PlyCount "47"]
[EventDate "2013.04.02"]
[EventType "swiss"]
[EventRounds "9"]
[EventCountry "ROU"]
[SourceTitle "CBM 153 Extra"]
[Source "ChessBase"]
[SourceDate "2013.04.22"]
[SourceVersion "1"]
[SourceVersionDate "2013.04.22"]
[SourceQuality "1"]

1. e4 e6 2. d4 d5 3. e5 c5 4. Nf3 Nc6 5. Bb5 Bd7 6. c3 Qb6 7. a4 a6 8. Bxc6 bxc6 9. 0-0 cxd4 10. cxd4 c5 11. Be3 c4 12. Nc3 Bb4 13. Qc2 Ne7 14. Ng5 Nf5 15. Rab1 Nxd4 16. Bxd4 Qxd4 17. Nf3 Qb6 18. b3 cxb3 19. Rxb3 Bxa4 20. Nxa4 Qb5 21. Nc3 Qc5 22. Qd3 0-0 23. Ng5 h6 24. Qh7# 1-0